Normal view
MARC view
- القرآن - الحديث -السحر - العلاج النفسي
Entry Topical Term
001 - CONTROL NUMBER
- control field: 20749
003 - CONTROL NUMBER IDENTIFIER
- control field: JO-AjAnu
005 - DATE AND TIME OF LATEST TRANSACTION
- control field: 20230606073614.0
008 - FIXED-LENGTH DATA ELEMENTS
- fixed length control field: 230606|| aca||aabn | a|a d
040 ## - CATALOGING SOURCE
- Original cataloging agency: JO-AjAnu
- Transcribing agency: JO-AjAnu
150 ## - HEADING--TOPICAL TERM
- Topical term or geographic name entry element: القرآن - الحديث -السحر - العلاج النفسي
670 ## - SOURCE DATA FOUND
- Source citation: Work cat.: (JO-AjAnu)10658: أبو عزام، أحمد موسى عطوان, author 20748, ارشاد الحيران إلى العلاج بالقرآن